000 01673nam a2200241Ii 4500
008 221202s xx 000 0 und d
245 0 _aExplorations and Encounters in French
264 _bUniversity of Adelaide Press
_c2010
300 _a1 online resource (322 pages)
336 _atext
_btxt
_2rdacontent
337 _acomputer
_bc
_2rdamedia
338 _aonline resource
_bcr
_2rdacarrier
520 _aWith a title derived literally from the explorations of the French in the Pacific and metaphorically from classroom encounters with another culture-both of which form important subsections to the volume-Explorations and Encounters in French actively seeks to unite those fields of enquiry sometimes seen as separate, namely, culture and language. The essays selected for inclusion in Explorations and Encounters in French bring together many of the current research strands in French Studies today, tapping into current pedagogical trends, analysing contemporary events in France, examining the Franco-Australian past, while reviewing teaching practice and the culture of teaching. Collectively, the essays reflect the common engagement with language, culture and society that characterizes the community of French teachers and scholars in Australia and abroad.
653 _aCivilization
653 _aCongresses
653 _aFrench
653 _aRelations
653 _aStudy And Teaching
700 1 _aFornasiero, Jean
700 1 _aMrowa-Hopkins, Colette
856 _uhttps://docs.google.com/spreadsheets/d/1yKIrdCPDAG_9c22mwoOIO2DOhtj65Wqa/edit?usp=sharing&ouid=106555315294820607512&rtpof=true&sd=true
_yList of Curated E-Books
942 _cE-BOOK
999 _c93468
_d93465